Geography Quiz

Random Geography or Color Quiz
Score 0/45 Timer 15:00
0 Plays Today
Clue Color % Correct
(E) I'is the official residence and principal workplace of the US President.WHITE
56.8%
(E) It's considered the central square of Moscow and all of Russia.RED
55%
(E) It's one of the longest rivers in the world and it is considered 'the cradle of Chinese civilization'.YELLOW
55%
(E) It's the highest mountain in the Alps.WHITE
50.5%
(E) It's one of the two main tributaries of the Nile.WHITE
48.6%
(E) It's the 2nd most populated county in California and has been setting for numerous films and TV shows.ORANGE
47.7%
(E) It's the northern part of the East China Sea.YELLOW
47.7%
(E) It's a seawater inlet of the Indian Ocean, lying between Africa and Asia.RED
45%
(E) Originating at Lake Tana in Ethiopia, it joins the White Nile at Khartoum.BLUE
44.1%
(E) It's a territory in North America. The color in its name do not reflect the one of its lands mostly of the year.GREEN
42.3%
(E) It's an inland sea connected to the Aegean Sea by the strait of the Dardanelles.BLACK
41.4%
(E) It's an island country, located off the coasts of Western Africa.GREEN
40.5%
(E) It's a tributary of the Amazon River and the largest blackwater river in the world.BLACK
39.6%
(E) It's one of the youngest sovereign countries in Europe.BLACK
38.7%
(N) It's the largest US city in the Pacific Northwest region.GREEN
36.9%
(E) It's a southern inlet of the Barents Sea, located on the northwest coast of Russia and considered as Russian internal waters.WHITE
35.1%
(E) It's one of the European sovereign countries born from the dissolution of the Soviet Union.WHITE
35.1%
(E) It's a major tributary of the Mississippi and Atchafalaya Rivers.RED
34.2%
(E) It's a country in Western Africa, mostly covered by the Sahara Desert.BLACK
33.3%
(E) It's the longest river in South Africa.ORANGE
33.3%
(E) It's the capital city of Serbia.WHITE
33.3%
(E) It's the capital city of the Asiatic country bordering only Russia and China.RED
32.4%
(E) It's a Portuguese archipelago in the Atlantic Ocean.BLUE
31.5%
Clue Color % Correct
(N) It's a main center and the former imperial city in Morocco.RED
31.5%
(E) It's a peninsula in Senegal and the westernmost point of the African continent.GREEN
30.6%
(E) It's one of the largest countries. Its name may come from Latin and refer to a local type of wood.RED
29.7%
(E) It's a West African country on the gulf of Guinea.WHITE
29.7%
(E) It's the capital city of one of the European English-speaking countries.BLACK
28.8%
(E) It's the common term for the center of the international presence in Baghdad.GREEN
28.8%
(E) It's the emblem of the Italian island of Capri and a popular turist destination.BLUE
27.9%
(E) Located near Alexanderplatz, it's the town hall of Berlin.RED
27.9%
(E) It's the official seat of the executive branch of the government of Argentina.PINK
26.1%
(E) It's an archipelago in the Indian Ocean, off the coast of Tanzania.BLACK
25.2%
(E) Rising in southern Summit County, it's a tributary of the Colorado River.BLUE
25.2%
(N) It's the capital city of an East African country, lying along the Indian Ocean.GREEN
25.2%
(E) It's the highest mountain of Switzerland and the 2nd highest massif in Italy. There's a color in its name, but it comes from 'rouese', meaning 'glacier'.PINK
25.2%
(N) Developed as a reflection of the US Silicon Valley, it was one of the most powerful centers of computer industry in the Soviet Union.GREEN
23.4%
(E) It's the capital city of an island country in the Mediterranean Sea.WHITE
23.4%
(N) It'is the capital and largest city of the Mexican state of Yucatán.WHITE
22.5%
(N) It's the second most populous city of Peru.WHITE
21.6%
(N) It's the capital and largest city of the Indian state of Rajasthan.PINK
18.9%
(N) It's one of the largest city in the central India.ORANGE
16.2%
(N) It's one of the most populous Scottish cities.GREY
15.3%
(E) It's the capital city of the westernmost Canadian Territory.WHITE
12.6%
(E) It's the capital city of the only Canadian Territory which borders both the other ones.YELLOW
9%
Remove Ads.
Support Sporcle.
Get the best of Sporcle when you Go Orange. This ad-free experience offers more features, more stats, and more fun while also helping to support Sporcle. Thank you for becoming a member.

You're not logged in!

Compare scores with friends on all Sporcle quizzes.
OR
Log In

Show Comments

Extras

Created Oct 29, 2010SourceReportNominate
Tags:Color Quiz, note, Suggested

Top Quizzes Today


Score Distribution

Your Account Isn't Verified!

In order to create a playlist on Sporcle, you need to verify the email address you used during registration. Go to your Sporcle Settings to finish the process.

Report this User

Report this user for behavior that violates our Community Guidelines.

Details: